00466nam a2200181Ia 4500008004100000020001400041245004500055245004700100260001500147260001600162260000900178300001500187300002500202300001000227440002000237500000800257999001900265170705s9999 xx 000 0 und d a590290142 aHorrible Harry moves up to third grade / cSuzy Kline ; pictures by Frank Remkiewicz. aNew York : bScholastic, c1998 a58 pages : bcolor illustration ; c20cm. aHorrible Harry. a460 c335827d335827